| 000 | 00877cab a2200265 4500 | ||
|---|---|---|---|
| 001 | ABS56050 | ||
| 008 | 090401t1996 xxu||||| |||| 00| 0 eng d | ||
| 035 | _a(Sirsi) u20715 | ||
| 041 | _aeng | ||
| 100 | _aYates, A. | ||
| 245 | _aGlobal agenda for service trade liberalisation | ||
| 260 | _c1996 | ||
| 350 | _a0 | ||
| 490 |
_aCSM (Chartered Surveyor Monthly) _v6(2) October 1996, 24-25(2) |
||
| 520 | _aConsiders the implications of GATS: General Agreement on Trade in Services on domestic and international markets for surveying services. | ||
| 650 | _aGENERAL AGREEMENT ON TRADE IN SERVICES | ||
| 650 | _aINTERNATIONAL SURVEYING | ||
| 650 | _aSURVEYING INDUSTRY | ||
| 650 | _aWORLD TRADE ORGANISATION | ||
| 690 | _aOVERSEAS | ||
| 690 | _aMANAGEMENT-BUSINESS MANAGEMENT-PROFESSIONAL PRACTICE | ||
| 700 | _aTissier, M. | ||
| 942 | _n0 | ||
| 948 | _c04/03/1997 | ||
| 999 |
_c13879 _d13879 |
||